[Event "Winnipeg TNT October op"]
[Site "Winnipeg"]
[Date "2012.10.30"]
[Round "5"]
[White "Moncal, Nilo"]
[Black "Pang, Michael"]
[Result "1-0"]
[WhiteElo "2105"]
[BlackElo "1904"]
[PlyCount "141"]
[EventDate "2012.10.02"]
[EventType "swiss"]
[EventRounds "5"]
[EventCountry "CAN"]
[SourceTitle "EXT 2022"]
[Source "ChessBase"]
[SourceDate "2021.10.06"]
[SourceVersion "1"]
[SourceVersionDate "2021.10.06"]
[SourceQuality "1"]

1. e4 c5 2. Nf3 d6 3. Nc3 Nc6 4. d4 cxd4 5. Nxd4 Nf6 6. Bc4 a6 7. 0-0 Qc7 8. Bb3 e6 9. Be3 Be7 10. h3 Na5 11. Qe2 b5 12. f3 Rb8 13. Rfd1 e5 14. Nf5 Bxf5 15. exf5 Nxb3 16. axb3 Qc6 17. Bg5 Ng8 18. Bxe7 Nxe7 19. f6 gxf6 20. Ne4 d5 21. Nf2 0-0 22. Ng4 Qe6 23. f4 f5 24. Nf2 e4 25. Qe3 b4 26. Kh2 Kh8 27. Rd2 Rfd8 28. Nd1 Qb6 29. Qxb6 Rxb6 30. Ne3 d4 31. Nc4 Re6 32. Kg1 Ng6 33. g3 h5 34. h4 Rd5 35. Kf1 Ne7 36. Ke1 Rg6 37. Rg2 d3 38. Ne5 Rf6 39. cxd3 exd3 40. Rd2 Re6 41. Kf2 f6 42. Nc4 Kg7 43. Rad1 Re2+ 44. Rxe2 dxe2 45. Rxd5 Nxd5 46. Kxe2 Kf7 47. Kd3 Ke6 48. Kd4 Ne7 49. Ne3 Nc8 50. Nc4 Ne7 51. Kc5 Nd5 52. Nd2 Nc3 53. Kxb4 Ne4 54. Nf1 Kd6 55. Ka5 Kc5 56. b4+ Kc4 57. Ne3+ Kd4 58. Nxf5+ Kc4 59. Ka4 Kd5 60. Ka5 Kc4 61. Ka4 Kd5 62. b3 Ke6 63. Nd4+ Kd5 64. Ne2 Nd2 65. Ka5 Nxb3+ 66. Kxa6 Kc4 67. b5 Kc5 68. b6 Kc6 69. f5 Nc5+ 70. Ka7 Nb7 71. Nd4+ 1-0

[Event "Winnipeg Boxer Memorial"]
[Site "Winnipeg"]
[Date "2012.10.21"]
[Round "5"]
[White "Pang, Michael"]
[Black "Boron, Anthony"]
[Result "1-0"]
[WhiteElo "1904"]
[BlackElo "2037"]
[PlyCount "81"]
[EventDate "2012.10.20"]
[EventType "swiss"]
[EventRounds "5"]
[EventCountry "CAN"]
[SourceTitle "EXT 2022"]
[Source "ChessBase"]
[SourceDate "2021.10.06"]
[SourceVersion "1"]
[SourceVersionDate "2021.10.06"]
[SourceQuality "1"]

1. e4 c5 2. Nf3 e6 3. d4 cxd4 4. Nxd4 Nf6 5. Nc3 Nc6 6. a3 d5 7. Bg5 Be7 8. exd5 Nxd5 9. Bxe7 Qxe7 10. Nxd5 exd5+ 11. Be2 Bg4 12. 0-0 Bxe2 13. Nxe2 0-0 14. c3 Rfd8 15. Nd4 Nxd4 16. Qxd4 b6 17. Rfe1 Qd6 18. Rad1 Re8 19. g3 Rac8 20. Rxe8+ Rxe8 21. Qxd5 Qg6 22. Kg2 h6 23. Qf3 Qe6 24. Rd3 Qb3 25. Rd2 a5 26. Qd1 Qb5 27. Rd8 Rxd8 28. Qxd8+ Kh7 29. Qd2 g6 30. b4 axb4 31. axb4 Qc6+ 32. Kg1 Qa8 33. Qd4 Qa1+ 34. Kg2 Qa2 35. c4 Qa8+ 36. Qd5 Qxd5+ 37. cxd5 Kg7 38. Kf3 Kf6 39. Ke4 Ke7 40. Kd4 Kd6 41. Kc4 1-0

[Event "Winnipeg TNT October op"]
[Site "Winnipeg"]
[Date "2012.10.09"]
[Round "2"]
[White "Kaptsan, Aron"]
[Black "Pang, Michael"]
[Result "0-1"]
[WhiteElo "2087"]
[BlackElo "1904"]
[PlyCount "72"]
[EventDate "2012.10.02"]
[EventType "swiss"]
[EventRounds "5"]
[EventCountry "CAN"]
[SourceTitle "EXT 2022"]
[Source "ChessBase"]
[SourceDate "2021.10.06"]
[SourceVersion "1"]
[SourceVersionDate "2021.10.06"]
[SourceQuality "1"]

1. d4 Nf6 2. c4 g6 3. g3 Bg7 4. Bg2 d5 5. cxd5 Nxd5 6. e4 Nb6 7. Ne2 Nc6 8. d5 Ne5 9. 0-0 0-0 10. Nbc3 f5 11. f4 Nf7 12. e5 e6 13. dxe6 Bxe6 14. Bxb7 Rb8 15. Bg2 Qe7 16. b3 Rfd8 17. Qc2 Qc5+ 18. Kh1 Nd5 19. Qb2 a5 20. Bd2 Nb4 21. Na4 Qa7 22. Bxb4 axb4 23. Qc2 Bf8 24. Rad1 c5 25. Rxd8 Rxd8 26. Rd1 Rc8 27. Nc1 c4 28. Qd2 c3 29. Qd4 Qe7 30. Bd5 Rd8 31. Qc4 Bxd5+ 32. Rxd5 Qb7 33. Nb6 Qxb6 34. Rb5 Rd1+ 35. Kg2 Qg1+ 36. Kf3 Rf1+ 0-1

[Event "Winnipeg TNT September op"]
[Site "Winnipeg"]
[Date "2012.09.11"]
[Round "2"]
[White "Pang, Michael"]
[Black "Moncal, Nilo"]
[Result "0-1"]
[WhiteElo "1865"]
[BlackElo "2082"]
[PlyCount "141"]
[EventDate "2012.09.04"]
[EventType "swiss"]
[EventRounds "4"]
[EventCountry "CAN"]
[SourceTitle "EXT 2022"]
[Source "ChessBase"]
[SourceDate "2021.10.06"]
[SourceVersion "1"]
[SourceVersionDate "2021.10.06"]
[SourceQuality "1"]

1. e4 e6 2. d4 d5 3. Nc3 Nf6 4. Bg5 Be7 5. e5 Nfd7 6. Bxe7 Qxe7 7. f4 a6 8. Nf3 c5 9. dxc5 Qxc5 10. Qd4 Qa5 11. Be2 Nc6 12. Qe3 Qb4 13. 0-0-0 0-0 14. g4 f6 15. exf6 Nxf6 16. Nd4 Nxd4 17. Qxd4 Qxd4 18. Rxd4 Bd7 19. g5 Ne8 20. Bg4 Nc7 21. Re1 Rae8 22. h4 Bc6 23. Re5 g6 24. Kd2 Kf7 25. Na4 Bxa4 26. Rxa4 Ke7 27. Ke3 Kd6 28. Rb4 b5 29. Rd4 Re7 30. Ree4 Na8 31. Ke2 Nb6 32. b3 Kc5 33. b4+ Kd6 34. Re3 Nc4 35. Rh3 e5 36. fxe5+ Rxe5+ 37. Kd3 Rf2 38. Kc3 Ne3 39. Bd1 Re4 40. Rd3 Rc4+ 41. Kb3 Nxd1 42. Rxd1 Rcxc2 43. Rhd3 Rb2+ 44. Ka3 Rxa2+ 45. Kb3 Ke5 46. Rxd5+ Kf4 47. R5d4+ Kg3 48. R1d3+ Kh2 49. Rd7 Ra4 50. Rxh7 Rf4 51. Rd6 Raxb4+ 52. Kc3 Rbc4+ 53. Kd3 Rf3+ 54. Ke2 Kg2 55. Rxa6 Rc2+ 56. Kd1 Rb2 57. Kc1 Re2 58. Kd1 Rff2 59. Rf6 Rd2+ 60. Kc1 Rc2+ 61. Kb1 Rb2+ 62. Ka1 Ra2+ 63. Kb1 Rfb2+ 64. Kc1 Re2 65. Kd1 b4 66. Rb7 Reb2 67. Kc1 b3 68. Rd6 Rc2+ 69. Kb1 Rab2+ 70. Ka1 Rf2 71. Rf6 0-1

[Event "Winnipeg TNT June op"]
[Site "Winnipeg"]
[Date "2011.06.28"]
[Round "4"]
[White "Pang, Michael"]
[Black "Kernetsky, Myron"]
[Result "1-0"]
[WhiteElo "1784"]
[BlackElo "2016"]
[PlyCount "55"]
[EventDate "2011.06.07"]
[EventType "swiss"]
[EventRounds "4"]
[EventCountry "CAN"]
[SourceTitle "EXT 2022"]
[Source "ChessBase"]
[SourceDate "2021.10.06"]
[SourceVersion "1"]
[SourceVersionDate "2021.10.06"]
[SourceQuality "1"]

1. e4 e6 2. d4 d5 3. Nc3 Nf6 4. Bg5 Be7 5. e5 Nfd7 6. Bxe7 Qxe7 7. f4 a6 8. Nf3 c5 9. Qd2 Nc6 10. a3 b5 11. dxc5 Qxc5 12. Rd1 Bb7 13. Ng5 Qe7 14. Bd3 h6 15. Nf3 Qc5 16. Ne2 Rd8 17. c3 Nb6 18. Ned4 Nc4 19. Qc1 Qe7 20. 0-0 0-0 21. Rde1 Rde8 22. f5 exf5 23. b3 Nb6 24. Nxf5 Qe6 25. Ng5 Qd7 26. Qf4 Rxe5 27. Nxh6+ gxh6 28. Bh7+ 1-0

[Event "Winnipeg Boxer Memorial"]
[Site "Winnipeg"]
[Date "2011.05.15"]
[Round "3"]
[White "Li, Kevin"]
[Black "Pang, Michael"]
[Result "1-0"]
[WhiteElo "2239"]
[BlackElo "1774"]
[PlyCount "31"]
[EventDate "2011.05.14"]
[EventType "swiss"]
[EventRounds "4"]
[EventCountry "CAN"]
[SourceTitle "EXT 2022"]
[Source "ChessBase"]
[SourceDate "2021.10.06"]
[SourceVersion "1"]
[SourceVersionDate "2021.10.06"]
[SourceQuality "1"]

1. e4 c5 2. Nf3 d6 3. d4 cxd4 4. Qxd4 Nc6 5. Bb5 Bd7 6. Bxc6 Bxc6 7. Nc3 Nf6 8. Bg5 e6 9. 0-0-0 Be7 10. Rhe1 h6 11. Bxf6 gxf6 12. Nd5 Kd7 13. Nxe7 Kxe7 14. e5 fxe5 15. Nxe5 Qc7 16. Ng6+ 1-0

[Event "Winnipeg Boxer Memorial"]
[Site "Winnipeg"]
[Date "2011.05.15"]
[Round "1"]
[White "Pang, Michael"]
[Black "Baron, Cody"]
[Result "1-0"]
[WhiteElo "1774"]
[BlackElo "1242"]
[PlyCount "51"]
[EventDate "2011.05.14"]
[EventType "swiss"]
[EventRounds "4"]
[EventCountry "CAN"]
[SourceTitle "EXT 2022"]
[Source "ChessBase"]
[SourceDate "2021.10.06"]
[SourceVersion "1"]
[SourceVersionDate "2021.10.06"]
[SourceQuality "1"]

1. e4 Nc6 2. Nf3 e6 3. d4 d5 4. Nc3 Bb4 5. Bd3 Bxc3+ 6. bxc3 f5 7. Bg5 Qd7 8. exf5 h6 9. Bh4 g5 10. fxg6 Qg7 11. Qe2 Nge7 12. Ne5 Nxe5 13. dxe5 Nxg6 14. Bf6 Qf7 15. Bxg6 Qxg6 16. Bxh8 Qxg2 17. Qh5+ Kd7 18. 0-0-0 Qg5+ 19. Qxg5 hxg5 20. Bf6 g4 21. Rd4 b5 22. Rxg4 Bb7 23. h4 d4 24. Rxd4+ Ke8 25. Rg1 c5 26. Rg8+ 1-0

[Event "Winnipeg TNT August op"]
[Site "Winnipeg"]
[Date "2010.08.10"]
[Round "2.4"]
[White "Evans, Brian"]
[Black "Pang, Michael"]
[Result "0-1"]
[WhiteElo "1590"]
[BlackElo "1706"]
[PlyCount "54"]
[EventDate "2010.08.03"]
[EventType "swiss"]
[EventRounds "4"]
[EventCountry "CAN"]
[SourceTitle "EXT 2022"]
[Source "ChessBase"]
[SourceDate "2021.10.06"]
[SourceVersion "1"]
[SourceVersionDate "2021.10.06"]
[SourceQuality "1"]

1. e4 c5 2. Nf3 d6 3. d4 cxd4 4. Nxd4 Nf6 5. Nc3 Nc6 6. Bb5 Bd7 7. Bxc6 bxc6 8. Nb3 g6 9. Bg5 Bg7 10. Qd2 0-0 11. 0-0-0 Be6 12. Nd4 Qb6 13. Na4 Qa6 14. Nxe6 fxe6 15. Nc3 Qb7 16. f3 Rab8 17. b3 a5 18. Bh6 Rfc8 19. Bxg7 Kxg7 20. Na4 Qa7 21. Qd4 c5 22. Qe3 Qb7 23. Qc3 Qa6 24. g4 c4 25. g5 cxb3 26. gxf6+ exf6 27. Qa1 Qe2 0-1

[Event "Winnipeg TNT September op"]
[Site "Winnipeg"]
[Date "2009.09.22"]
[Round "3"]
[White "Pang, Michael"]
[Black "Lauritson, Jim"]
[Result "0-1"]
[WhiteElo "1696"]
[BlackElo "1923"]
[PlyCount "58"]
[EventDate "2009.09.01"]
[EventType "swiss"]
[EventRounds "4"]
[EventCountry "CAN"]
[SourceTitle "EXT 2011"]
[Source "ChessBase"]
[SourceDate "2010.11.26"]
[SourceVersion "1"]
[SourceVersionDate "2010.11.26"]
[SourceQuality "1"]

1. e4 c5 2. Nf3 e6 3. d4 cxd4 4. Nxd4 Nc6 5. Nc3 a6 6. Be3 Nf6 7. Qd2 Bb4 8. f3 Qa5 9. Nb3 Qc7 10. a3 Be7 11. 0-0-0 b5 12. Nd4 b4 13. axb4 Nxb4 14. Kb1 Rb8 15. Be2 0-0 16. g4 Rd8 17. h4 d5 18. e5 Nd7 19. f4 Nc5 20. h5 Qb7 21. Qc1 Bd7 22. f5 Na4 23. Nxa4 Bxa4 24. fxe6 fxe6 25. Bd3 Rdc8 26. Rh2 Bb5 27. Bxb5 axb5 28. b3 Ra8 29. c3 Ra6 0-1

[Event "Yanofsky Memorial op U1800"]
[Site "Winnipeg"]
[Date "2009.09.06"]
[Round "4"]
[White "Raihman, Daniel"]
[Black "Pang, Michael"]
[Result "0-1"]
[WhiteElo "1720"]
[BlackElo "1679"]
[PlyCount "82"]
[EventDate "2009.09.04"]
[EventType "swiss"]
[EventRounds "5"]
[EventCountry "CAN"]
[SourceTitle "EXT 2011"]
[Source "ChessBase"]
[SourceDate "2010.11.26"]
[SourceVersion "1"]
[SourceVersionDate "2010.11.26"]
[SourceQuality "1"]

1. e4 c5 2. Nf3 d6 3. d4 cxd4 4. Nxd4 Nf6 5. Nc3 Nc6 6. Be2 g6 7. Be3 Bg7 8. Nb3 0-0 9. Qd2 Bd7 10. 0-0-0 Rc8 11. h4 h5 12. f3 a6 13. Rdg1 Ne5 14. Nd5 Nxd5 15. Qxd5 Qc7 16. c3 Be6 17. Qd1 Nc4 18. Bxc4 Qxc4 19. Bd4 b5 20. Bxg7 Kxg7 21. Qd4+ Qxd4 22. Nxd4 Bxa2 23. g4 Rh8 24. f4 e5 25. fxe5 dxe5 26. Nc2 Be6 27. gxh5 Rxh5 28. Rg5 Rxg5 29. hxg5 Rd8 30. Rd1 Rxd1+ 31. Kxd1 Bb3 32. Kd2 Bxc2 33. Kxc2 f5 34. gxf6+ Kxf6 35. Kd3 g5 36. Ke3 g4 37. b3 a5 38. c4 bxc4 39. bxc4 a4 40. c5 a3 41. c6 Ke6 0-1

[Event "Yanofsky Memorial op U1800"]
[Site "Winnipeg"]
[Date "2009.09.05"]
[Round "3"]
[White "De Groot, Steven"]
[Black "Pang, Michael"]
[Result "1-0"]
[WhiteElo "1690"]
[BlackElo "1679"]
[PlyCount "71"]
[EventDate "2009.09.04"]
[EventType "swiss"]
[EventRounds "5"]
[EventCountry "CAN"]
[SourceTitle "EXT 2011"]
[Source "ChessBase"]
[SourceDate "2010.11.26"]
[SourceVersion "1"]
[SourceVersionDate "2010.11.26"]
[SourceQuality "1"]

1. e4 c5 2. Nf3 d6 3. d4 cxd4 4. Nxd4 Nf6 5. Nc3 Nc6 6. Bg5 e6 7. Qd2 Be7 8. 0-0-0 0-0 9. f4 d5 10. e5 Ne8 11. Bxe7 Qxe7 12. g4 Bd7 13. h4 Rc8 14. g5 Kh8 15. h5 f6 16. exf6 gxf6 17. g6 Nxd4 18. Qxd4 a6 19. f5 e5 20. Nxd5 Qd6 21. Qe3 Bxf5 22. Qh6 Rxc2+ 23. Kb1 Rd2+ 24. Kc1 Rxd1+ 25. Kxd1 Qxd5+ 26. Ke1 Qg8 27. Bc4 Qg7 28. Qe3 Nd6 29. Bb3 Rc8 30. h6 Qxg6 31. Rg1 Qxg1+ 32. Qxg1 Bg6 33. Qb6 Rc6 34. Qd8+ Ne8 35. Qe7 Rc1+ 36. Kd2 1-0

[Event "Winnipeg TNT September op"]
[Site "Winnipeg"]
[Date "2009.09.01"]
[Round "1"]
[White "Pang, Michael"]
[Black "Dawa, Arvin"]
[Result "0-1"]
[WhiteElo "1696"]
[BlackElo "2072"]
[PlyCount "96"]
[EventDate "2009.09.01"]
[EventType "swiss"]
[EventRounds "4"]
[EventCountry "CAN"]
[SourceTitle "EXT 2011"]
[Source "ChessBase"]
[SourceDate "2010.11.26"]
[SourceVersion "1"]
[SourceVersionDate "2010.11.26"]
[SourceQuality "1"]

1. e4 c6 2. d4 d5 3. e5 Bf5 4. Nf3 e6 5. c4 Nd7 6. Nc3 Ne7 7. b3 Qb6 8. Be3 Bg4 9. Be2 Nf5 10. 0-0 Bxf3 11. Bxf3 Nxe5 12. cxd5 Nxf3+ 13. Qxf3 cxd5 14. Nxd5 Qc6 15. Nf4 Qxf3 16. gxf3 Bd6 17. Nd3 0-0 18. Rac1 Rac8 19. Nc5 b6 20. Ne4 Ba3 21. Rc4 b5 22. Rc3 Bb4 23. Rcc1 h6 24. Rfd1 Ne7 25. Nc5 Nd5 26. Bd2 Ba3 27. Rc2 Rc6 28. Bc1 Bxc5 29. Rxc5 Rxc5 30. dxc5 Rc8 31. Be3 Nxe3 32. fxe3 Rxc5 33. Rd8+ Kh7 34. Rd7 Rc1+ 35. Kf2 Rc2+ 36. Kg3 Rxa2 37. Rxf7 Kg6 38. Rb7 a6 39. Rb6 Kf6 40. h4 Ra3 41. Kf4 Rxb3 42. Rxa6 Rb1 43. Rb6 b4 44. e4 g5+ 45. hxg5+ hxg5+ 46. Ke3 b3 47. Rb5 b2 48. Ke2 Rh1 0-1

[Event "Winnipeg TNT August op"]
[Site "Winnipeg"]
[Date "2009.08.18"]
[Round "3"]
[White "Rutter, Blair A"]
[Black "Pang, Michael"]
[Result "1-0"]
[WhiteElo "1810"]
[BlackElo "1612"]
[PlyCount "39"]
[EventDate "2009.08.04"]
[EventType "swiss"]
[EventRounds "4"]
[EventCountry "CAN"]
[SourceTitle "EXT 2011"]
[Source "ChessBase"]
[SourceDate "2010.11.26"]
[SourceVersion "1"]
[SourceVersionDate "2010.11.26"]
[SourceQuality "1"]

1. c4 e5 2. g3 Nf6 3. Bg2 Nc6 4. e4 Bc5 5. Ne2 0-0 6. 0-0 d6 7. h3 Be6 8. d3 Nd7 9. Kh2 f5 10. f4 Bb6 11. Nbc3 fxe4 12. Nxe4 Nc5 13. Ng5 Qd7 14. Nc3 Rae8 15. Nce4 Kh8 16. a3 h6 17. Nxc5 Bxc5 18. Qh5 Kg8 19. Nxe6 Rxe6 20. Bd5 1-0

[Event "Winnipeg TNT July op"]
[Site "Winnipeg"]
[Date "2009.07.28"]
[Round "4"]
[White "Wasserman, Leor"]
[Black "Pang, Michael"]
[Result "0-1"]
[WhiteElo "1630"]
[BlackElo "1597"]
[PlyCount "120"]
[EventDate "2009.07.07"]
[EventType "swiss"]
[EventRounds "4"]
[EventCountry "CAN"]
[SourceTitle "EXT 2011"]
[Source "ChessBase"]
[SourceDate "2010.11.26"]
[SourceVersion "1"]
[SourceVersionDate "2010.11.26"]
[SourceQuality "1"]

1. e4 c5 2. Nf3 d6 3. c3 Nc6 4. d4 cxd4 5. cxd4 Nf6 6. Nc3 g6 7. Bc4 Bg7 8. Be3 0-0 9. 0-0 Nxe4 10. Nxe4 d5 11. Bxd5 Qxd5 12. Nc3 Qd8 13. d5 Nb4 14. a3 Bxc3 15. axb4 Bxb2 16. Rxa7 Rxa7 17. Bxa7 Bg4 18. Qb3 Bg7 19. Re1 b6 20. Qe3 Bxf3 21. Bxb6 Qxd5 22. Qxf3 Qxf3 23. gxf3 e6 24. Bc5 Rd8 25. Rb1 Be5 26. b5 Bb8 27. b6 f5 28. b7 Kf7 29. h3 Ke8 30. Rb6 Kd7 31. Ra6 Re8 32. Be3 Kc7 33. Rb6 Ba7 34. Rb3 Bxe3 35. fxe3 Rb8 36. Kg2 Rxb7 37. Rxb7+ Kxb7 38. Kg3 Kc6 39. Kh4 h6 40. Kg3 Kd5 41. Kf4 e5+ 42. Kg3 Ke6 43. e4 Kf6 44. h4 h5 45. Kf2 g5 46. hxg5+ Kxg5 47. Kg3 h4+ 48. Kh3 fxe4 49. fxe4 Kf4 50. Kxh4 Kxe4 51. Kg3 Ke3 52. Kg2 Ke2 53. Kg1 e4 54. Kg2 e3 55. Kg3 Kd2 56. Kf4 e2 57. Ke4 e1Q+ 58. Kd5 Kc3 59. Kc6 Kc4 60. Kb7 Qe6 0-1

[Event "Winnipeg TNT July op"]
[Site "Winnipeg"]
[Date "2009.07.07"]
[Round "1"]
[White "Boron, Anthony"]
[Black "Pang, Michael"]
[Result "1-0"]
[WhiteElo "2000"]
[BlackElo "1597"]
[PlyCount "113"]
[EventDate "2009.07.07"]
[EventType "swiss"]
[EventRounds "4"]
[EventCountry "CAN"]
[SourceTitle "EXT 2011"]
[Source "ChessBase"]
[SourceDate "2010.11.26"]
[SourceVersion "1"]
[SourceVersionDate "2010.11.26"]
[SourceQuality "1"]

1. d4 d5 2. c4 c6 3. Nf3 Nf6 4. e3 g6 5. Nbd2 Bg7 6. Bd3 0-0 7. 0-0 e6 8. b3 Nbd7 9. Bb2 b6 10. Rc1 Bb7 11. Qe2 Qe7 12. cxd5 cxd5 13. Ba6 Nb8 14. Bxb7 Qxb7 15. Ba3 Rd8 16. Ne5 Nfd7 17. f4 f6 18. Nef3 Nc6 19. Qb5 Rac8 20. h3 Bf8 21. Bxf8 Rxf8 22. g4 a6 23. Qa4 Kg7 24. g5 Rf7 25. gxf6+ Nxf6 26. Ne5 Nxe5 27. fxe5 Ng8 28. Rxf7+ Kxf7 29. Rf1+ Kg7 30. Nf3 Nh6 31. Ng5 Qc6 32. Qxc6 Rxc6 33. Rf6 Ng8 34. Rxe6 Rc1+ 35. Kf2 Rc2+ 36. Ke1 h6 37. Nf3 Rxa2 38. Rxb6 Ne7 39. Rb7 Kf8 40. e6 Rc2 41. Ne5 Ra2 42. Ng4 h5 43. Nf6 Rc2 44. Nh7+ Ke8 45. Rd7 Rc6 46. Nf6+ Kf8 47. Nxd5 Nxd5 48. Rxd5 Rxe6 49. Kd2 Rb6 50. Kc3 Ke7 51. Rg5 Kf6 52. h4 Re6 53. Rg3 Re4 54. Rf3+ Ke6 55. Rh3 Kf5 56. Kd3 a5 57. Rf3+ 1-0

[Event "Albert Boxer Classic op"]
[Site "Winnipeg"]
[Date "2009.05.29"]
[Round "1"]
[White "Czypinski, Jaroslaw"]
[Black "Pang, Michael"]
[Result "0-1"]
[WhiteElo "1885"]
[BlackElo "1514"]
[PlyCount "82"]
[EventDate "2009.05.29"]
[EventType "swiss"]
[EventRounds "5"]
[EventCountry "CAN"]
[SourceTitle "EXT 2011"]
[Source "ChessBase"]
[SourceDate "2010.11.26"]
[SourceVersion "1"]
[SourceVersionDate "2010.11.26"]
[SourceQuality "1"]

1. Nf3 d5 2. d4 Nf6 3. e3 g6 4. Bd3 Bg7 5. Nbd2 0-0 6. Ne5 Nbd7 7. Ndf3 Nxe5 8. Nxe5 Nd7 9. f4 Nxe5 10. fxe5 c5 11. c3 c4 12. Bc2 f6 13. 0-0 fxe5 14. Rxf8+ Kxf8 15. b3 b5 16. a4 exd4 17. exd4 bxa4 18. bxc4 Be6 19. Qe2 Bf7 20. c5 Qa5 21. Qf3 e5 22. Be3 Rc8 23. Rf1 Rc7 24. Qxd5 Re7 25. Bg5 Kg8 26. Qa8+ Re8 27. Qb7 Rf8 28. Be7 Re8 29. Rxf7 Qxc3 30. Qd5 Qxd4+ 31. Qxd4 exd4 32. Rxg7+ Kxg7 33. Bd6 a3 34. Bb3 a5 35. c6 a4 36. Bc4 d3 37. Bb4 Re4 38. Bxd3 Rxb4 39. c7 a2 40. c8Q a1Q+ 41. Bf1 Rf4 0-1

[Event "Winnipeg TNT September op"]
[Site "Winnipeg"]
[Date "2008.09.02"]
[Round "1"]
[White "Kernetsky, Myron"]
[Black "Pang, Michael"]
[Result "1-0"]
[WhiteElo "1948"]
[BlackElo "1417"]
[PlyCount "103"]
[EventDate "2008.09.02"]
[EventType "swiss"]
[EventRounds "5"]
[EventCountry "CAN"]
[SourceTitle "EXT 2011"]
[Source "ChessBase"]
[SourceDate "2010.11.26"]
[SourceVersion "1"]
[SourceVersionDate "2010.11.26"]
[SourceQuality "1"]

1. d4 d5 2. c4 c6 3. Nc3 Nf6 4. Nf3 e6 5. e3 Bd6 6. Bd3 0-0 7. 0-0 Nbd7 8. e4 dxe4 9. Nxe4 Nxe4 10. Bxe4 h6 11. Be3 Nf6 12. Bc2 Re8 13. Qd3 b6 14. Rfd1 Bb7 15. Qc3 Qe7 16. c5 Bc7 17. b4 Rec8 18. Ne5 a5 19. a3 axb4 20. axb4 Qe8 21. Qd3 Rd8 22. Rxa8 Bxa8 23. Bf4 bxc5 24. bxc5 Bb8 25. h3 g6 26. Qf3 h5 27. g4 hxg4 28. hxg4 Nd5 29. Bg5 Rc8 30. Bb3 Bxe5 31. dxe5 Qf8 32. Qh3 Qg7 33. Re1 Qh7 34. Qg3 Kg7 35. Bxd5 cxd5 36. Bf6+ Kg8 37. Kg2 Rxc5 38. Qa3 Rc8 39. Ra1 Bc6 40. Rh1 d4+ 41. f3 Bxf3+ 42. Qxf3 Rc2+ 43. Kg3 Rc3 44. Rxh7 Kxh7 45. Kf4 Rxf3+ 46. Kxf3 Kg8 47. Ke4 Kf8 48. Kxd4 Ke8 49. Kc5 Kd7 50. Kb6 Ke8 51. Kc7 Kf8 52. Kd7 1-0

[Event "Winnipeg Gibbons Section ABCD"]
[Site "Winnipeg"]
[Date "2007.10.13"]
[Round "3"]
[White "Goodman, Clifford"]
[Black "Pang, Michael"]
[Result "1-0"]
[WhiteElo "1564"]
[BlackElo "1378"]
[PlyCount "67"]
[EventDate "2007.10.12"]
[EventType "swiss"]
[EventRounds "5"]
[EventCountry "CAN"]
[SourceTitle "EXT 2022"]
[Source "ChessBase"]
[SourceDate "2021.10.06"]
[SourceVersion "1"]
[SourceVersionDate "2021.10.06"]
[SourceQuality "1"]

1. Nf3 d5 2. b3 f6 3. d4 Nc6 4. Bb2 g6 5. e3 a6 6. h3 Bg7 7. c4 e6 8. Bd3 Nge7 9. 0-0 0-0 10. cxd5 exd5 11. Nbd2 Nb4 12. Bb1 f5 13. a3 Nbc6 14. b4 a5 15. b5 Na7 16. a4 c6 17. bxc6 bxc6 18. Ba3 Ba6 19. Re1 Rb8 20. Ba2 Nac8 21. Qc2 Re8 22. Ng5 Qd7 23. Rab1 Nd6 24. e4 Bxd4 25. exd5 Nxd5 26. Rxb8 Rxb8 27. Nb3 Bb6 28. Nc5 Qa7 29. Nxa6 Rd8 30. Nc5 Kh8 31. Nce6 Rd7 32. Bxd5 cxd5 33. Bxd6 Rxd6 34. Qc8+ 1-0

[Event "Winnipeg TNT July op"]
[Site "Winnipeg"]
[Date "2007.07.24"]
[Round "4"]
[White "Lange, John"]
[Black "Pang, Michael"]
[Result "0-1"]
[WhiteElo "1379"]
[BlackElo "1220"]
[PlyCount "108"]
[EventDate "2007.07.03"]
[EventType "swiss"]
[EventRounds "5"]
[EventCountry "CAN"]
[SourceTitle "EXT 2019"]
[Source "ChessBase"]
[SourceDate "2018.10.10"]
[SourceVersion "1"]
[SourceVersionDate "2018.10.10"]
[SourceQuality "1"]

1. d4 Nf6 2. c4 g6 3. Nc3 Bg7 4. e3 d6 5. Bd3 0-0 6. Nge2 e5 7. 0-0 Re8 8. b3 e4 9. Bc2 c6 10. Bb2 d5 11. cxd5 cxd5 12. Rc1 Nc6 13. a3 b6 14. b4 Bb7 15. Ba4 Rc8 16. Nf4 Re7 17. Qb3 Nb8 18. Nb5 Nc6 19. Nc3 Nb8 20. Nce2 Nc6 21. Rc3 a6 22. b5 Na5 23. Rxc8 Bxc8 24. Qb4 Nc4 25. Rc1 Rc7 26. Qc3 Bd7 27. Qb4 a5 28. Qc3 Qe8 29. Bb3 Bxb5 30. Bxc4 Rxc4 31. Qd2 g5 32. Nh3 h6 33. Nc3 Ba6 34. Kh1 Qc6 35. a4 Ng4 36. Ba3 Bf8 37. Bxf8 Kxf8 38. Qb2 Rb4 39. Qa3 Bc4 40. Na2 Qxa4 41. Qxa4 Rxa4 42. Nc3 Rb4 43. Kg1 Ke7 44. f3 exf3 45. gxf3 Nxe3 46. Nd1 Nxd1 47. Rxd1 a4 48. Nf2 a3 49. Re1+ Kd6 50. Ng4 a2 51. Nxh6 Rb1 52. Nxf7+ Kc7 53. Nxg5 Rxe1+ 54. Kf2 a1Q 0-1

[Event "Winnipeg TNT October op"]
[Site "Winnipeg"]
[Date "2006.10.24"]
[Round "4"]
[White "Pang, Michael"]
[Black "Crawford, Gary"]
[Result "0-1"]
[WhiteElo "1255"]
[BlackElo "1290"]
[PlyCount "46"]
[EventDate "2006.10.03"]
[EventType "swiss"]
[EventRounds "4"]
[EventCountry "CAN"]
[SourceTitle "EXT 2019"]
[Source "ChessBase"]
[SourceDate "2018.10.10"]
[SourceVersion "1"]
[SourceVersionDate "2018.10.10"]
[SourceQuality "1"]

1. d4 Nf6 2. c4 g6 3. Nc3 Bg7 4. e4 d6 5. Bg5 h6 6. Bh4 0-0 7. Qd2 c5 8. d5 Nbd7 9. 0-0-0 a6 10. h3 b5 11. cxb5 axb5 12. Bxb5 Ba6 13. Bxa6 Rxa6 14. g4 g5 15. Bg3 Qb6 16. f3 Rb8 17. h4 Nh7 18. Qh2 Bxc3 19. hxg5 Bxb2+ 20. Kc2 Rxa2 21. Kb1 Bf6+ 22. Kc1 Bxg5+ 23. Rd2 Qb1# 0-1

[Event "Winnipeg TNT October op"]
[Site "Winnipeg"]
[Date "2006.10.17"]
[Round "3"]
[White "Czypinski, Jaroslaw"]
[Black "Pang, Michael"]
[Result "1-0"]
[WhiteElo "1898"]
[BlackElo "1255"]
[PlyCount "65"]
[EventDate "2006.10.03"]
[EventType "swiss"]
[EventRounds "4"]
[EventCountry "CAN"]
[SourceTitle "EXT 2019"]
[Source "ChessBase"]
[SourceDate "2018.10.10"]
[SourceVersion "1"]
[SourceVersionDate "2018.10.10"]
[SourceQuality "1"]

1. e4 Nc6 2. d4 d5 3. exd5 Qxd5 4. Nf3 Bg4 5. Be2 Qd8 6. 0-0 Nf6 7. Bg5 Ne4 8. Be3 f5 9. Nbd2 Nf6 10. Nc4 g6 11. Nce5 Bxf3 12. Bxf3 Nd5 13. Nxc6 bxc6 14. c4 Nb4 15. a3 Nd5 16. Bxd5 cxd5 17. Rc1 c6 18. Qa4 Rc8 19. cxd5 Qxd5 20. Rc5 Qe4 21. Re5 Qd3 22. Rd1 Qe2 23. Bh6 Qxb2 24. Bxf8 Kxf8 25. Qxa7 Re8 26. Rde1 Qb8 27. Qxb8 Rxb8 28. Rxe7 h6 29. Kf1 Kg8 30. Re8+ Rxe8 31. Rxe8+ Kg7 32. Rxh8 Kxh8 33. a4 1-0